000 01826nam a2200517 i 4500
001 15625
003 KOSZ 005
005 20200706083548.0
008 200422s1973 pl a f 000 0 pol
015 _aUWD 1973/7133
035 _a991034050029705066
035 _a(PL-WaBN)b19110492-48omnis_nlop
035 _ab19110492
035 _a(OCoLC)812615006
035 _a(PL)b0000001911049
035 _a(EXLNZ-48OMNIS_NETWORK)9910355460405606
040 _aWA N
_cWA N
_dKOSZ 005/RW
046 _k1973
080 _a621.98
100 1 _aMatheisel, Zbigniew
_d(1925-2002)
_eAutor
245 1 0 _aBlachy elektrotechniczne walcowane na zimno /
_cZbigniew Matheisel.
260 _aWarszawa :
_bWydawnictwa Naukowo-Techniczne,
_c1973.
300 _a94, [1] strony :
_bilustracje ;
_c24 cm.
336 _aTekst
_btxt
_2rdacontent
337 _aBez urządzenia pośredniczącego
_bn
_2rdamedia
338 _aWolumin
_bnc
_2rdacarrier
380 _aKsiążki
380 _aPublikacje fachowe
388 _a1901-2000
388 _a1945-1989
490 1 _aNowa Technika ;
_vz. 101
504 _aBibliografia na stronach 93-[95].
521 8 _aKsiążka jest przeznaczona dla inżynierów elektryków i inżynierów mechaników-technologów zajmujących się stosowaniem blach magnetycznych.
650 7 _aBlacha
_2DBN
650 7 _aElektrotechnika
_2DBN
650 7 _aMateriały
650 7 _aTechnologia
650 7 _aWalcowanie
655 7 _aOpracowanie
658 _aInżynieria i technika
710 2 _aWydawnictwa Naukowo-Techniczne
_4pbl
830 0 _aNT Nowa Technika
_vz. 101
856 _uhttp://koha.tu.koszalin.pl/cgi-bin/koha/opac-detail.pl?biblionumber=15625
_yKatalog online BPK
942 _2UKD
_cKS
999 _c15625
_d15625